Από τη φυλετική κοινωνία στην πολιτική : πολιτειακή εξέλιξη της Αθήνας
Αποθηκεύτηκε σε:
| Κύριος συγγραφέας: | |
|---|---|
| Μορφή: | Βιβλίο |
| Γλώσσα: | Greek |
| Δημοσίευση: |
Αθήνα :
Καρδαμίτσας,
1982.
|
| Θέματα: | |
| Ετικέτες: |
Προσθήκη ετικέτας
Δεν υπάρχουν, Καταχωρήστε ετικέτα πρώτοι!
|
MARC
| LEADER | 00000cam a2200000 i 4500 | ||
|---|---|---|---|
| 001 | 1/100830 | ||
| 008 | 000203s1982 gr | ||| |||| ||gre|| | ||
| 035 | |l 10057437 | ||
| 040 | |a GR-MY-UA |b gre |e aacr | ||
| 041 | 0 | |a gre | |
| 082 | 7 | |a 938.106 |2 (22) | |
| 100 | 1 | |a Ραμού-Χαψιάδη, Άννα. | |
| 245 | 1 | 0 | |a Από τη φυλετική κοινωνία στην πολιτική : |b πολιτειακή εξέλιξη της Αθήνας / |c Άννα Ραμού-Χαψιάδη. |
| 260 | |a Αθήνα : |b Καρδαμίτσας, |c 1982. | ||
| 300 | |a 198 σ. : |b εικ., χάρτ. ; |c 22 εκ. | ||
| 500 | |a Πανεπιστημιακές εκδόσεις. | ||
| 504 | |a Βιβλιογραφία : σ. 181-191. Ευρετήριο. | ||
| 651 | 0 | |a Athens (Greece) |x Politics and government |y To 146 B.C. | |
| 852 | |a INST |b LESVOS |e 20000203 |h 938.106 ΡΑΜ |p 005100022492 |q 005100022492 |t BK |y 0 | ||
| 901 | |a BIBL1-2000-1 | ||
| 909 | |a Λ |b 068774 | ||
| 970 | |a ΚΑΜΑΤΣΟΥ |b ΔΕΣΠΟΙΝΑ |z 2000/02/03 | ||